Top 100 Biggest Cities in Oregon - Statistics

General Stats
  • This quiz has been taken 1,195 times
    148 since last reset
  • The average score is 33 of 100
Answer Stats
# City Population % Correct
2 Eugene 176,654
99%
1 Portland 652,503
99%
3 Salem 175,535
99%
6 Bend 99,178
95%
7 Beaverton 97,474
88%
10 Corvallis 59,922
83%
8 Medford 85,824
82%
4 Gresham 114,247
80%
5 Hillsboro 106,447
76%
16 Grants Pass 39,189
70%
11 Albany 56,472
67%
9 Springfield 61,851
66%
65 Astoria 10,181
62%
44 Coos Bay 15,985
62%
14 Lake Oswego 40,732
62%
17 Oregon City 37,572
58%
28 Klamath Falls 21,813
56%
43 The Dalles 16,010
56%
19 Redmond 33,274
54%
12 Tigard 54,539
53%
29 Ashland 21,360
51%
63 Newport 10,256
51%
27 Roseburg 23,683
50%
69 Lincoln City 9,815
47%
53 Ontario 11,645
45%
77 Hood River 8,313
44%
15 Keizer 39,376
44%
18 McMinnville 34,319
44%
39 Pendleton 17,107
44%
20 Tualatin 27,942
43%
30 Milwaukie 21,119
41%
62 North Bend 10,317
41%
66 Baker City 10,099
39%
25 Newberg 25,138
39%
71 Florence 9,396
36%
22 Wilsonville 26,664
36%
13 Aloha 53,828
35%
32 Sherwood 20,450
35%
40 Dallas 16,854
34%
35 Hermiston 19,354
33%
37 Lebanon 18,447
33%
42 Troutdale 16,300
33%
21 West Linn 27,373
31%
24 Woodburn 26,013
31%
38 Canby 18,171
30%
49 La Grande 13,026
30%
26 Happy Valley 23,733
29%
23 Forest Grove 26,225
28%
83 Madras 7,456
27%
58 Prineville 10,736
27%
89 Brookings 6,744
26%
T67 Independence 9,828
26%
47 St. Helens 13,817
26%
56 Monmouth 11,100
24%
51 Sandy 12,612
24%
87 Seaside 7,115
24%
64 Molalla 10,228
23%
T67 Sweet Home 9,828
23%
60 Silverton 10,484
22%
36 Central Point 18,997
21%
59 Cottage Grove 10,574
21%
88 Junction City 6,787
21%
84 Umatilla 7,363
21%
52 Gladstone 12,017
19%
100 Philomath 5,350
19%
61 Fairview 10,424
18%
79 Scappoose 8,010
17%
78 Stayton 8,244
17%
50 Cornelius 12,694
16%
82 Green 7,515
16%
94 Sheridan 6,233
16%
93 Warrenton 6,277
16%
97 Creswell 5,641
15%
75 Sutherlin 8,524
15%
92 Talent 6,282
15%
98 Winston 5,625
15%
57 Damascus 11,050
13%
86 Milton-Freewater 7,151
13%
95 Raleigh Hills 6,196
13%
81 White City 7,975
13%
76 Cedar Hills 8,379
12%
70 Eagle Point 9,686
12%
45 Four Corners 15,947
10%
33 Altamont 20,223
9%
31 Bethany 20,646
9%
85 Jennings Lodge 7,315
8%
41 Oak Grove 16,629
8%
48 Oatfield 13,415
7%
90 Garden Home-Whitford 6,674
6%
34 Hayesville 19,936
6%
46 Cedar Mill 14,546
5%
74 River Road 8,732
5%
72 Rockcreek 9,316
5%
91 West Slope 6,554
5%
54 Oak Hills 11,333
4%
55 Santa Clara 11,239
4%
73 Bull Mountain 9,133
3%
99 Marlene Village 5,485
3%
96 Roseburg North 5,912
3%
80 West Haven-Sylvan 8,001
2%
No matching quizzes found
Score Distribution
Percent of People with Each Score
Percentile by Number Answered
Your Score History
You have not taken this quiz since the last reset